00403nam a2200145Ia 4500008004100000020001500041041000800056082001900064100001700083245007900100250000600179260003900185300001200224650002100236210716s2003 xx 000 0 und d a8178081474 aeng a005.30287 KITE aKit, Edward. aSoftware testing in the real world: improving process.bImproving process. a1 aNew DelhibPearson Educationc2003 axiv,252 aSoftware Testing